Normal view
MARC view
- Programme des Nations Unies pour l'environnement
Entry Topical Term
001 - CONTROL NUMBER
- control field: 38127
003 - CONTROL NUMBER IDENTIFIER
- control field: NUST
005 - DATE AND TIME OF LATEST TRANSACTION
- control field: 20210314130602.0
008 - FIXED-LENGTH DATA ELEMENTS
- fixed length control field: 210314|| aca||aabn | a|a d
040 ## - CATALOGING SOURCE
- Original cataloging agency: NUST
- Transcribing agency: NUST
150 ## - HEADING--TOPICAL TERM
- Topical term or geographic name entry element: Programme des Nations Unies pour l'environnement
670 ## - SOURCE DATA FOUND
- Source citation: Work cat.: (NUST): UNEP 20024, Highlights of the biennium /, 1995.
